Trivial pursuit - Questions #2 - Statistiques

Statistiques générales
  • Ce quiz a été pris 2 112 fois
  • Le résultat moyen est 19 sur 30
Statistiques - réponses
Hint Réponse % Correct
De quelle couleur est la mer Rouge ? Bleu-gris
99%
Dans la fable de La Fontaine traitant de la patience, contre quel animal la tortue gagne la course ? Le lièvre
94%
Quel insecte transmet le paludisme ? Le moustique
90%
En quel année Adolf Hitler arrive-t-il au pouvoir ? En 1933
88%
Combien de joueurs composent une équipe de rugby ? 15 joueurs
84%
Dans quel pays se trouve la cité du Machu Picchu ? Au Pérou
84%
L'étoile du Berger est en réalité quelle planète ? Venus
83%
Quel était le nom du chanteur de Queen ? Freddie Mercury
81%
Quel est le nom donné à un grand groupe d’abeilles ? Un essaim
79%
Quel est le nom de l'endroit où se déroulent les courses de chevaux ? L'hippodrome
75%
Qui est le réalisateur du film E.T. l’extra-terrestre ? Steven Spielberg
75%
Quel édit a été promulgué en 1598 pour mettre fin aux guerres de religions opposant les catholiques et les protestants ? L'édit de Nantes
72%
Qui est la célèbre peintre mexicaine devenue célèbre pour ses autoportraits ? Frida Kahlo
68%
De quelle ville sont originaires les Beatles ? Liverpool
67%
Quel ministre est l'auteur des lois instaurant l'école publique laïque, gratuite et obligatoire ? Jules Ferry
65%
Comment s'appelle l'arme la plus légère de l'escrime ? Le fleuret
64%
Qui a composé l'opéra "La Flûte Enchantée" ? Wolfgang Mozart
64%
Comment s'appelle le fait de remporter la même année les 4 tournois internationaux majeurs au tennis ? Le Grand Chelem
62%
Qui a peint le tableau "Le déjeuner sur l'herbe" ? Edouard Manet
57%
Dans quelle émission de télé le chanteur Julien Doré a-t-il commencé sa carrière ? La Nouvelle Star
57%
Qui a été le tout premier président de la République en France ? Louis-Napoléon Bonaparte
55%
Quelle ville allemande abrite la Banque centrale européenne (BCE) ? Francfort-sur-le-Main
53%
Dans quel club américain Tony Parker a-t-il joué la majorité de sa carrière de basketteur ? Les Spurs de San Antonio
46%
Qui était la Reine d'Egypte, femme du pharaon Akhénaton ? Nefertiti
44%
Quel pays a rejoint la zone euro et l'espace Schengen au 1er janvier 2023 ? La Croatie
38%
De quel pays africain Mogadiscio est-elle la capitale ? La Somalie
33%
Comment s’appelle la région se trouvant dans le talon de la botte de l’Italie ? Les Pouilles
33%
Quel animal a deux pattes latérales plus courtes que les deux autres afin de se tenir dans les pentes montagneuses ? Le dahu
27%
De quel roman "Manon des sources", de Marcel Pagnol est la suite ? Jean de Florette
18%
Dans Tetris, comment s’appellent les pièces qu’il faut aligner ? Les tétrominos
5%
Aucun quiz correspondant
Distribution des résultats
% des personnes avec chaque résultat
Percentile par nombre de réponses
Votre historique - résultats
Vous n’avez pas pris ce quiz